Viete robiť logistiku?

Ako prebieha obchodný vzťah logistickej spoločnosti a jej partnerov, výrobcov či obchodníkov. Ako začať spoluprácu. Čo sú KPI (keep performance indicators). Softvérové prepojenie. Ako objednávať tovar. Colný či bezcolný sklad. Trvanie kontraktu.

Saved in:
Bibliographic Details
Main Author: Bokorová, Jana
Format: Book Chapter
Language:Slovak
Subjects:
Tags: Add Tag
No Tags, Be the first to tag this record!

MARC

LEADER 00000naa a2200000 4500
001 r043879
005 20231004094013.1
041 0 |a slo 
044 |a SK 
245 1 0 |a Viete robiť logistiku?  |c Jana Bokorová 
520 |a Ako prebieha obchodný vzťah logistickej spoločnosti a jej partnerov, výrobcov či obchodníkov. Ako začať spoluprácu. Čo sú KPI (keep performance indicators). Softvérové prepojenie. Ako objednávať tovar. Colný či bezcolný sklad. Trvanie kontraktu. 
610 2 0 |a logistika 
610 2 0 |a spoločnosti 
610 2 0 |a obchodníci 
610 2 0 |a sklady colné 
610 2 0 |a tovar 
610 2 0 |a kontrakty 
100 1 |a Bokorová, Jana